00617nam a22001817a 450000500170000001000170001702000230003402000260005703500170008303700140010008200160011410000180013024501330014826000360028127000440031730000240036150000500038520100811102945.0 aB-453776-780 a8125033157c625.00 a9788125033158c625.00 aB-453776-780 bR.B.C/Ven a476151.0954 aBode, Maarten aTaking traditional knowledge to the market :bthe modern image of the ayurvedic and unani industry,1980-2000 /cby Maarten Bode  aNew DelhibOrient Longmanc2008 a1/24 Asaf Ali Road, bNew Delhie110002 axi,259p.c22cm (Hb) aIncludes bibliographical references and index